00474nam a2200145Ia 4500008004100000020001500041041000800056082001600064100003900080245012600119250000600245260003600251300001300287650002800300210716s2000 xx 000 0 und d a8178081083 aeng a006.32 FREJ aFreeman, James A;Skapura, David M. aNeural networks: algorithms applications and programming techniques.bAlgorithms applications and programming techniques. a1 aNew DelhibAddison Wesleyc2000 axiii,401 aNeural Networks(006.32)